Cuestiones de sociología del desarrollo en América Latina

محفوظ في:
التفاصيل البيبلوغرافية
المؤلف الرئيسي: Cardoso, Fernando Henrique (مؤلف)
التنسيق: كتاب
اللغة:الإسبانية
منشور في: Santiago Universitaria 1968
سلاسل:Cormoran
الموضوعات:
الوسوم: إضافة وسم
لا توجد وسوم, كن أول من يضع وسما على هذه التسجيلة!

MARC

LEADER 00000nam a2200000 a 4500
001 UCW9869
003 CL-VaPUC
008 890703e19680000CL |||||||||||||||||spa|d
082 0 4 |a 338  |b CAR  |2 21 
100 0 |a Cardoso, Fernando Henrique  |e author  |9 315309 
245 1 0 |a Cuestiones de sociología del desarrollo en América Latina 
300 |a 180 p 
942 |c BK 
945 |d 19890703 00:00:00 
260 |a Santiago  |b Universitaria  |c 1968 
650 0 |a Desarrollo económico  |9 259599 
650 7 |a CONDICIONES SOCIALES 1945-  |2 CL-VaPUC  |9 315310 
650 7 |a CONDICIONES ECONOMICAS 1945-  |2 CL-VaPUC  |9 315311 
651 0 |a América Latina   |9 255027 
583 |a last modification  |c 20160602 17:24:03  |k Rodrigo Vera 
490 0 |a Cormoran 
999 |c 221722  |d 221720 
952 |0 0  |1 0  |4 0  |6 338_000000000000000_CAR_1968  |7 0  |8 A  |9 215478  |a BIBENE  |b BIBENE  |d 2019-11-15  |i 2839105  |o 338 CAR 1968  |p 2839105  |r 2025-01-15  |w 2019-11-15  |y BK  |k ICO 
952 |0 0  |1 0  |4 0  |6 338_000000000000000_CAR_1968  |7 0  |8 A  |9 215479  |a BIBHIS  |b BIBHIS  |d 2019-11-15  |i 2839113  |o 338 CAR 1968  |p 2839113  |r 2025-01-20  |w 2019-11-15  |y BK  |k HIS 
952 |0 0  |1 0  |4 0  |6 338_000000000000000_CAR_1968  |7 0  |8 A  |9 215480  |a BIBHIS  |b BIBHIS  |d 2019-11-15  |i 4500245  |o 338 CAR 1968  |p 4500245  |r 2025-01-20  |w 2019-11-15  |y BK  |k HIS